00328 a2200121 4500020001800000082001100018100002800029245005700057260003400114300001100148650002000159700002700179 a9780141032528 a863.64 aGarcia Marquez, Gabriel aThe general in his labyrinthcGabriel Garcia Marquez aNew YorkbPenguin Groupc1990 a285 p. aSpanish fiction aGabriel Garcia Marquez